00661 2200217 4500001002100000005001500021035002000036007000300056008004100059020001800100082001500118084002100133100002700154245007500181250001000256260003300266300002100299500007800320650002000398990002500418INLIS00000000000291120260408032337 a0010-0426000021ta260408 g 1 ind  a9786022425069 a899. 221 3 a899. 221 3 MAR k0 aMarion Rayhan Az-Zahra1 aKecil- Kecil Punya Karya: Between You and Me /cMarion Rayhan Az-Zahra aed. 1 aBandung :bDAR! Mizan,c2014 a108 hlm ;c21 cm aKecil- Kecil Punya Karya: Between You and Me Karya Marion Rayhan Az-Zahra 4aFiksi Indonesia a05186/H/SMAN2TS/2026